Tan solo una ilusión?: una exploración del caos al orden

Gorde:
Xehetasun bibliografikoak
Egile nagusia: Prigogine, Ilya (Egilea)
Formatua: Liburua
Hizkuntza:gaztelania
Argitaratua: Barcelona Tusquets 1997
Edizioa:4a. ed
Saila:Metatemas. Libros para pensar la Ciencia
Gaiak:
Etiketak: Etiketa erantsi
Etiketarik gabe, Izan zaitez lehena erregistro honi etiketa jartzen!

MARC

LEADER 00000nam a2200000 a 4500
001 UCM9096
003 CL-VaPUC
008 030411e19970000SP |||||||||||||||||spa|d
020 |a 8472236110 
082 0 4 |a 501  |b PRI  |2 21 
100 0 |a Prigogine, Ilya  |e author  |9 475481 
245 1 0 |a Tan solo una ilusión?: una exploración del caos al orden 
250 |a 4a. ed 
300 |a 325 p 
942 |c BK 
945 |d 20030411 00:00:00  |a cmena 
260 |a Barcelona  |b Tusquets  |c 1997 
650 0 |a Filosofía de las ciencias  |9 256466 
650 0 |a Naturaleza  |9 269656 
650 0 |a Creatividad   |9 310816 
650 0 |a Vida  |9 266033 
650 0 |a Entropía  |9 262675 
650 7 |a ORDEN  |2 CL-VaPUC  |9 333177 
650 7 |a CAOS  |2 CL-VaPUC  |9 356172 
583 |a last modification  |c 20030411 00:00:00  |k Rodrigo Vera 
490 0 |a Metatemas. Libros para pensar la Ciencia 
999 |c 303473  |d 303471 
952 |0 0  |1 0  |4 0  |6 501_000000000000000_PRI_1997  |7 0  |8 P  |9 364810  |a BIBARQ  |b BIBARQ  |d 2019-11-21  |i 3893820  |o 501 PRI 1997  |p 3893820  |r 2025-01-20  |w 2019-11-21  |y BK  |k ARQ 
952 |0 0  |1 0  |4 0  |6 501_000000000000000_PRI_1997  |7 0  |8 P  |9 364811  |a BIBARQ  |b BIBARQ  |d 2019-11-21  |i 3966690  |o 501 PRI 1997  |p 3966690  |r 2025-01-20  |w 2019-11-21  |y BK  |k ARQ 
952 |0 0  |1 0  |4 0  |6 501_000000000000000_PRI_1997  |7 0  |8 A  |9 364812  |a FDOPOS  |b FDOPOS  |d 2019-11-21  |i 4317157  |o 501 PRI 1997  |p 4317157  |r 2025-01-22  |w 2019-11-21  |y BK  |k MLA